000 00457nam a2200133 4500
999 _c13999
_d13999
008 190724b ||||| |||| 00| 0 eng d
082 _aDPer 050 T48 Apr-June 2016 v. 187 n. 12-24
100 _aAndretti, Mario
_938951
245 _aLewis Hamilton:
_bracing's omnivorous champion/
_cMario Andretti.
260 _aHong Kong:
_bTime Asia,
_cc2016.
300 _av187 n16-17, page 96:
_billustrations;
_c27 cm.
650 _aRacing.
_938952
942 _2ddc
_cPER